[Event "Rottach Egern Seniors Cup 12th"]
[Site "Rottach Egern"]
[Date "2024.04.08"]
[Round "3"]
[White "Luciani, Carlo"]
[Black "Schulz, Michael2"]
[Result "0-1"]
[WhiteElo "2159"]
[BlackElo "2070"]
[PlyCount "108"]
[EventDate "2024.04.06"]
[EventType "swiss"]
[EventRounds "9"]
[EventCountry "GER"]
[SourceTitle "CB16_2024"]
[SourceDate "2024.04.17"]
[SourceVersion "1"]
[SourceVersionDate "2024.04.17"]
[SourceQuality "1"]

1. e4 c5 2. Nf3 g6 3. d4 cxd4 4. Nxd4 Nf6 5. f3 Nc6 6. c4 d6 7. Nc3 Bg7 8. Be3 0-0 9. Qd2 Nxd4 10. Bxd4 a5 11. g4 Be6 12. h4 a4 13. h5 Qa5 14. h6 Bh8 15. g5 Nd7 16. Bxh8 Kxh8 17. Nd5 Bxd5 18. Qxa5 Rxa5 19. cxd5 Rc5 20. Rd1 f6 21. gxf6 Rxf6 22. Be2 Ne5 23. Rh3 g5 24. Kd2 Kg8 25. Rg1 Nf7 26. Bd1 b5 27. b4 axb3 28. axb3 b4 29. Bc2 Rc3 30. Ra1 Rxh6 31. Rxh6 Nxh6 32. Ra7 Kf8 33. Rb7 Rxf3 34. Rxb4 g4 35. Ke2 Rf6 36. Rb8+ Kg7 37. Ra8 g3 38. Ra1 Rf2+ 39. Kd3 g2 40. Rg1 Kf6 41. Kc3 Ng4 42. e5+ Nxe5 43. Be4 Nf3 44. Bxf3 Rxf3+ 45. Kc4 Rf2 46. b4 h5 47. Kd3 h4 48. Ke3 Rb2 49. Kf3 h3 50. Kg3 Rb3+ 51. Kh2 Ke5 52. Rd1 Rf3 53. Re1+ Kxd5 54. Rxe7 Rf1 0-1

[Event "Bad Woerishofen Seniors op 39th"]
[Site "Bad Woerishofen"]
[Date "2024.03.09"]
[Round "2"]
[White "Scharrer, Udo"]
[Black "Luciani, Carlo"]
[Result "1/2-1/2"]
[WhiteElo "1986"]
[BlackElo "2162"]
[PlyCount "92"]
[EventDate "2024.03.08"]
[EventType "swiss"]
[EventRounds "9"]
[EventCountry "GER"]
[SourceTitle "CB13_2024"]
[SourceDate "2024.03.27"]
[SourceVersion "1"]
[SourceVersionDate "2024.03.27"]
[SourceQuality "1"]

1. d4 Nf6 2. c4 g6 3. Nc3 Bg7 4. e4 d6 5. Be2 0-0 6. Bg5 h6 7. Be3 c5 8. d5 e6 9. f3 exd5 10. cxd5 Na6 11. Qd2 Kh7 12. Bd3 Nc7 13. Nge2 Re8 14. 0-0 Rb8 15. a4 a6 16. a5 b5 17. axb6 Rxb6 18. Ra2 Qe7 19. Bf2 h5 20. Bh4 Qf8 21. Bg5 Bh6 22. Bxh6 Qxh6 23. Qxh6+ Kxh6 24. Rfa1 c4 25. g4 g5 26. h3 Nd7 27. f4 gxf4 28. Nxf4 Ne5 29. Be2 Bb7 30. Rf1 Rb8 31. Nd3 Nxd3 32. Bxd3 Kg7 33. Rf2 Rb4 34. Ra1 Re8 35. Raf1 Re7 36. Nd1 Rb3 37. Ne3 Bc8 38. Rd2 Nb5 39. Nxc4 Bd7 40. Kg2 f6 41. Ra1 Bc8 42. Ne5 Nd4 43. Rf1 Rb4 44. Nc4 Nb5 45. Rdf2 Rb3 46. Rd2 Re8 1/2-1/2

[Event "Arco op 45th"]
[Site "Arco"]
[Date "2023.10.15"]
[Round "9"]
[White "Luciani, Carlo"]
[Black "Behling, Robert"]
[Result "1/2-1/2"]
[WhiteElo "2172"]
[BlackElo "2005"]
[PlyCount "120"]
[EventDate "2023.10.07"]
[EventType "swiss"]
[EventRounds "9"]
[EventCountry "ITA"]
[SourceTitle "Mega2024 Update 01"]
[Source "Chessbase"]
[SourceDate "2023.11.12"]
[SourceVersion "1"]
[SourceVersionDate "2023.11.12"]
[SourceQuality "1"]

1. e4 e6 2. d4 d5 3. Nd2 c5 4. exd5 exd5 5. Ngf3 Nc6 6. Bb5 Bd6 7. 0-0 Nge7 8. dxc5 Bxc5 9. Nb3 Bd6 10. Nbd4 0-0 11. h3 Bc7 12. Bd3 Nxd4 13. Nxd4 Qd6 14. f4 Bb6 15. c3 Bxd4+ 16. cxd4 Bf5 17. Re1 Bxd3 18. Qxd3 Nc6 19. f5 Nb4 20. Qb3 Rac8 21. Rf1 Nc2 22. Bf4 Qb6 23. Qxb6 axb6 24. Rad1 Rfe8 25. f6 Re4 26. Be5 Ne3 27. Rc1 Re8 28. Rfe1 gxf6 29. Bxf6 R4e6 30. Bh4 Rg6 31. Re2 Re4 32. Be1 Rc6 33. Bc3 f5 34. Rce1 Rce6 35. Rf2 Kg7 36. g3 Kg6 37. b3 h5 38. Bd2 Nc2 39. Rc1 Nxd4 40. Rc8 Re8 41. Rxe8 Rxe8 42. Kf1 Nc6 43. Bf4 b5 44. Rc2 d4 45. Rc5 b4 46. Rb5 Re7 47. Bd2 Rd7 48. Bxb4 Kf6 49. Bd2 Ke6 50. Bf4 d3 51. Ke1 Nd4 52. Re5+ Kf6 53. Re8 Nf3+ 54. Kd1 Re7 55. Rxe7 Kxe7 56. a4 Ke6 57. Be3 Kd5 58. h4 Ke4 59. Bc5 Kd5 60. Bb6 Kc6 1/2-1/2

[Event "Arco op 45th"]
[Site "Arco"]
[Date "2023.10.07"]
[Round "1"]
[White "Luciani, Carlo"]
[Black "Prelati, Maurizio"]
[Result "1-0"]
[WhiteElo "2172"]
[BlackElo "1813"]
[PlyCount "63"]
[EventDate "2023.10.07"]
[EventType "swiss"]
[EventRounds "9"]
[EventCountry "ITA"]
[SourceTitle "Mega2024 Update 01"]
[Source "Chessbase"]
[SourceDate "2023.11.12"]
[SourceVersion "1"]
[SourceVersionDate "2023.11.12"]
[SourceQuality "1"]

1. e4 c5 2. Nf3 g6 3. d4 cxd4 4. Nxd4 Nc6 5. c4 Nf6 6. Nc3 d6 7. Be2 Nxd4 8. Qxd4 Bg7 9. Bg5 0-0 10. Qd2 Be6 11. Rd1 Qa5 12. 0-0 Rfc8 13. b3 a6 14. Bxf6 exf6 15. Na4 Qxd2 16. Rxd2 Rd8 17. Rfd1 f5 18. exf5 Bxf5 19. Bf3 Rab8 20. c5 Bh6 21. Rxd6 Rxd6 22. Rxd6 Bb1 23. a3 Bc2 24. Bd5 Re8 25. g3 Re1+ 26. Kg2 Rd1 27. Bxb7 Bxb3 28. Rxd1 Bxd1 29. Nc3 Bg4 30. c6 Bf8 31. a4 Bd6 32. Ne4 1-0

[Event "EU-ch Seniors 65 22nd"]
[Site "Acqui Terme"]
[Date "2023.05.27"]
[Round "2"]
[White "Luciani, Carlo"]
[Black "Colombo, Alberto E"]
[Result "1-0"]
[WhiteElo "2197"]
[BlackElo "1968"]
[PlyCount "71"]
[EventDate "2023.05.26"]
[EventType "swiss"]
[EventRounds "9"]
[EventCountry "ITA"]
[SourceTitle "CBM 214 Extra"]
[Source "ChessBase"]
[SourceDate "2023.07.31"]
[SourceVersion "1"]
[SourceVersionDate "2023.07.31"]
[SourceQuality "1"]

1. e4 e6 2. d4 d5 3. Nd2 c5 4. exd5 Qxd5 5. Ngf3 Nc6 6. Bc4 Qd8 7. dxc5 Nf6 8. Nb3 Qxd1+ 9. Kxd1 Be7 10. c3 0-0 11. Ke2 Rd8 12. Rd1 Rxd1 13. Kxd1 Bd7 14. Ke2 e5 15. Ng5 Rf8 16. f3 h6 17. Ne4 Nxe4 18. fxe4 Rc8 19. Be3 Nd8 20. Bd5 Kf8 21. Rb1 Bb5+ 22. Kd2 Bg5 23. Bxg5 hxg5 24. c4 Ba4 25. Nc1 f6 26. b4 Bd7 27. Nb3 Rc7 28. Kc3 Ke7 29. b5 Bc8 30. b6 axb6 31. cxb6 Rd7 32. a4 Nc6 33. Bxc6 bxc6 34. Nc5 Rd4 35. b7 Bxb7 36. Rxb7+ 1-0

[Event "Rottach Egern Seniors Cup 10th"]
[Site "Rottach Egern"]
[Date "2022.04.02"]
[Round "8"]
[White "Luciani, Carlo"]
[Black "Hornung, Hans"]
[Result "1-0"]
[WhiteElo "2170"]
[BlackElo "2041"]
[PlyCount "93"]
[EventDate "2022.03.26"]
[EventType "swiss"]
[EventRounds "9"]
[EventCountry "GER"]
[SourceTitle "CBM 207 Extra"]
[Source "ChessBase"]
[SourceDate "2022.05.31"]
[SourceVersion "1"]
[SourceVersionDate "2022.05.31"]
[SourceQuality "1"]

1. e4 e5 2. Nf3 Nc6 3. d4 exd4 4. Nxd4 g6 5. Nc3 Bg7 6. Be3 Nf6 7. f3 0-0 8. Bc4 Na5 9. Be2 d5 10. exd5 Nxd5 11. Nxd5 Qxd5 12. 0-0 Nc4 13. Bxc4 Qxc4 14. c3 Bd7 15. Qb3 Qxb3 16. Nxb3 b6 17. Bd4 Rad8 18. Kf2 c5 19. Bxg7 Kxg7 20. Rad1 Bf5 21. Rd2 Rxd2+ 22. Nxd2 Rd8 23. Ke3 Rd3+ 24. Ke2 Rd7 25. Ne4 Re7 26. Kd3 g5 27. g4 Bg6 28. Ke3 h6 29. Rd1 f5 30. gxf5 Bxf5 31. b4 g4 32. Kf4 Bxe4 33. fxe4 cxb4 34. cxb4 h5 35. Rd5 Kg6 36. Rd6+ Kg7 37. e5 Rf7+ 38. Kg5 Rf2 39. Rd7+ Kf8 40. Kxh5 Rxh2+ 41. Kxg4 Rxa2 42. Kf5 a5 43. b5 Rb2 44. Rb7 Rxb5 45. Kf6 Ke8 46. e6 Rd5 47. Rb8+ 1-0

[Event "Rottach Egern Seniors Cup 10th"]
[Site "Rottach Egern"]
[Date "2022.03.26"]
[Round "1"]
[White "Ries, Berthold"]
[Black "Luciani, Carlo"]
[Result "0-1"]
[WhiteElo "1878"]
[BlackElo "2170"]
[PlyCount "80"]
[EventDate "2022.03.26"]
[EventType "swiss"]
[EventRounds "9"]
[EventCountry "GER"]
[SourceTitle "CBM 207 Extra"]
[Source "ChessBase"]
[SourceDate "2022.05.31"]
[SourceVersion "1"]
[SourceVersionDate "2022.05.31"]
[SourceQuality "1"]

1. e4 e5 2. Nf3 Nc6 3. Bb5 a6 4. Ba4 Nf6 5. d3 d6 6. h3 g6 7. 0-0 Bg7 8. c3 0-0 9. Re1 Re8 10. Nbd2 b5 11. Bb3 Na5 12. Bc2 c5 13. Nf1 h6 14. Ng3 Bb7 15. a4 Qe7 16. b3 d5 17. Bb2 d4 18. cxd4 cxd4 19. Rc1 Bf8 20. Bb1 Qb4 21. axb5 Qxb5 22. Ba2 Bc8 23. Rb1 Nc6 24. b4 Be6 25. Bxe6 Rxe6 26. Ba3 Bxb4 27. Re2 a5 28. Reb2 Qa6 29. Ra2 Rb8 30. Bc1 Bf8 31. Rxb8 Nxb8 32. Ba3 Nc6 33. Bxf8 Kxf8 34. Qb3 Nb4 35. Ra3 Nd7 36. Nd2 Nc5 37. Qc4 Ncxd3 38. Qc7 Nc6 39. Nb3 Qc4 40. Nf1 Qb4 0-1

[Event "Rottach Egern Seniors Cup 9th"]
[Site "Rottach Egern"]
[Date "2021.10.25"]
[Round "4"]
[White "Walther, Reinhard"]
[Black "Luciani, Carlo"]
[Result "0-1"]
[WhiteElo "1978"]
[BlackElo "2196"]
[PlyCount "66"]
[EventDate "2021.10.22"]
[EventType "swiss"]
[EventRounds "7"]
[EventCountry "GER"]
[SourceTitle "CBM 204 Extra"]
[Source "ChessBase"]
[SourceDate "2021.11.30"]
[SourceVersion "1"]
[SourceVersionDate "2021.11.30"]
[SourceQuality "1"]

1. d4 Nf6 2. Bg5 c5 3. d5 Ne4 4. Bf4 Qb6 5. Qc1 g6 6. f3 Bg7 7. e3 Nf6 8. e4 d6 9. Na3 Qc7 10. Bd3 a6 11. c4 Nbd7 12. Ne2 h5 13. Bc2 h4 14. Ba4 Kf8 15. Nc3 Ne5 16. Qd2 Nh5 17. Be3 h3 18. 0-0-0 hxg2 19. Qxg2 Nxc4 20. Nxc4 b5 21. Nxd6 exd6 22. Bc2 b4 23. Na4 Bd7 24. b3 Bxa4 25. bxa4 Qe7 26. f4 c4 27. e5 Rb8 28. Qf2 Kg8 29. Bd4 b3 30. Bxb3 cxb3 31. exd6 Qxd6 32. Bxg7 bxa2 33. Qxa2 Kxg7 0-1

[Event "Arco op 43rd"]
[Site "Arco"]
[Date "2021.10.11"]
[Round "3"]
[White "Lohia, Sohum"]
[Black "Luciani, Carlo"]
[Result "1/2-1/2"]
[WhiteElo "1993"]
[BlackElo "2196"]
[PlyCount "37"]
[EventDate "2021.10.09"]
[EventType "swiss"]
[EventRounds "9"]
[EventCountry "ITA"]
[SourceTitle "CBM 204 Extra"]
[Source "ChessBase"]
[SourceDate "2021.11.30"]
[SourceVersion "1"]
[SourceVersionDate "2021.11.30"]
[SourceQuality "1"]

1. e4 e5 2. Nf3 Nc6 3. Bb5 a6 4. Ba4 Nf6 5. d3 d6 6. c3 g6 7. 0-0 Bg7 8. Re1 0-0 9. Nbd2 b5 10. Bc2 Bb7 11. Nf1 h6 12. d4 exd4 13. cxd4 Re8 14. Ng3 Nb4 15. Bb1 c5 16. d5 a5 17. a3 Na6 18. Bf4 a4 19. Qd2 1/2-1/2

[Event "Arco op 43rd"]
[Site "Arco"]
[Date "2021.10.09"]
[Round "1"]
[White "Di Muccio, Lindoro"]
[Black "Luciani, Carlo"]
[Result "0-1"]
[WhiteElo "1791"]
[BlackElo "2196"]
[PlyCount "144"]
[EventDate "2021.10.09"]
[EventType "swiss"]
[EventRounds "9"]
[EventCountry "ITA"]
[SourceTitle "CBM 204 Extra"]
[Source "ChessBase"]
[SourceDate "2021.11.30"]
[SourceVersion "1"]
[SourceVersionDate "2021.11.30"]
[SourceQuality "1"]

1. d4 Nf6 2. c4 g6 3. Nc3 Bg7 4. e4 d6 5. Nf3 0-0 6. Be2 c5 7. d5 Bg4 8. Nd2 Bxe2 9. Qxe2 e6 10. 0-0 a6 11. a4 Qc7 12. Rb1 Nbd7 13. Rd1 Rae8 14. f3 Nh5 15. Nf1 Bd4+ 16. Be3 e5 17. g3 f5 18. exf5 gxf5 19. Qd2 Kh8 20. Ne2 Bxe3+ 21. Nxe3 f4 22. gxf4 Nxf4 23. Ng3 Rf7 24. Kh1 Ref8 25. Rf1 Ng6 26. Ng4 Nb6 27. b3 Qe7 28. Ne4 Rf4 29. Rf2 Nh4 30. Rg1 Na8 31. Nxc5 dxc5 32. d6 Qe6 33. d7 Rd4 34. Qg5 Ng6 35. Re2 Rxd7 36. Nxe5 Rg7 37. Re4 Qf6 38. Nxg6+ Rxg6 39. Qxf6+ Rgxf6 40. Re7 R6f7 41. Re5 b6 42. a5 Rc7 43. axb6 Nxb6 44. Ra1 Rxf3 45. Rxa6 Rxb3 46. Ra5 Rb1+ 47. Kg2 Rg7+ 48. Kf3 Rf7+ 49. Kg2 Nd7 50. Rd5 Rb7 51. Ra8+ Kg7 52. Ra6 Rf6 53. Ra5 Kf7 54. Kg3 Ke7 55. Ra3 Re6 56. h4 Rc7 57. Ra5 Nf6 58. Rf5 Kd6 59. Ra6+ Rc6 60. Ra8 Rb6 61. Rd8+ Kc7 62. Rd3 Kc6 63. Rdf3 Ne4+ 64. Kf4 Nd6 65. Rf8 Rb4 66. Ra3 Rxc4+ 67. Kf3 Rxh4 68. Ra6+ Kd5 69. Ra7 h6 70. Rd8 Rh5 71. Rad7 Rf5+ 72. Kg2 Rg6+ 0-1

[Event "Arco op 40th"]
[Site "Arco"]
[Date "2018.10.21"]
[Round "9"]
[White "Luciani, Carlo"]
[Black "Blasco, Domenico"]
[Result "1-0"]
[WhiteElo "2189"]
[BlackElo "1830"]
[PlyCount "69"]
[EventDate "2018.10.13"]
[EventType "swiss"]
[EventRounds "9"]
[EventCountry "ITA"]
[SourceTitle "CBM 186 Extra"]
[Source "ChessBase"]
[SourceDate "2018.08.24"]
[SourceVersion "1"]
[SourceVersionDate "2018.08.24"]
[SourceQuality "1"]

1. e4 g6 2. d4 Bg7 3. Nc3 d6 4. g3 e6 5. Bg2 Nd7 6. Nge2 Ne7 7. Be3 a6 8. Qd2 h6 9. 0-0 b5 10. Rac1 Bb7 11. b3 Nf6 12. f3 Rc8 13. Nd1 d5 14. Nf2 Kf8 15. c4 bxc4 16. bxc4 dxe4 17. fxe4 e5 18. d5 Ra8 19. c5 Nfxd5 20. c6 Bxc6 21. Rfd1 Ba4 22. exd5 Bxd1 23. Rxd1 Rb8 24. Ba7 Rb5 25. Nc3 Ra5 26. Qb2 Kg8 27. Qb4 Rb5 28. Nxb5 axb5 29. Qxb5 Kh7 30. a4 Nf5 31. a5 Nd4 32. Bxd4 exd4 33. a6 Re8 34. a7 Be5 35. d6 1-0

[Event "Arco op 40th"]
[Site "Arco"]
[Date "2018.10.19"]
[Round "7"]
[White "Luciani, Carlo"]
[Black "Tocco, Paolo"]
[Result "1-0"]
[WhiteElo "2189"]
[BlackElo "2056"]
[PlyCount "73"]
[EventDate "2018.10.13"]
[EventType "swiss"]
[EventRounds "9"]
[EventCountry "ITA"]
[SourceTitle "CBM 186 Extra"]
[Source "ChessBase"]
[SourceDate "2018.08.24"]
[SourceVersion "1"]
[SourceVersionDate "2018.08.24"]
[SourceQuality "1"]

1. e4 b6 2. d4 Bb7 3. Bd3 e6 4. Nf3 c5 5. c3 Nf6 6. Qe2 d5 7. e5 Nfd7 8. 0-0 Qc8 9. Ng5 Be7 10. Qh5 Bxg5 11. Qxg5 Kf8 12. Na3 Nc6 13. Nb5 cxd4 14. cxd4 Nb4 15. Nd6 Qc7 16. Bb1 Ba6 17. Bd2 Nc6 18. Rc1 Ndb8 19. a4 Qe7 20. Qf4 g5 21. Qxg5 Qxg5 22. Bxg5 h6 23. Bf6 Rg8 24. h3 Nxd4 25. Rc7 Rg7 26. Bxg7+ Kxg7 27. Rxf7+ Kg8 28. f4 Nbc6 29. Ra3 Ne2+ 30. Kf2 Rd8 31. Bh7+ Kh8 32. Rc7 Rf8 33. Rxc6 Kxh7 34. Rc7+ Kg6 35. g3 Ra8 36. b4 Nd4 37. b5 1-0

[Event "Wch Seniors 50 27th"]
[Site "Acqui Terme"]
[Date "2017.11.12"]
[Round "6"]
[White "Luciani, Carlo"]
[Black "Welling, Gerard J"]
[Result "1/2-1/2"]
[WhiteElo "2232"]
[BlackElo "2316"]
[PlyCount "101"]
[EventDate "2017.11.07"]
[EventType "swiss"]
[EventRounds "11"]
[EventCountry "ITA"]
[SourceTitle "CBM 181 Extra"]
[Source "ChessBase"]
[SourceDate "2017.12.12"]
[SourceVersion "1"]
[SourceVersionDate "2017.12.12"]
[SourceQuality "1"]

1. e4 c6 2. Nc3 d5 3. Nf3 dxe4 4. Nxe4 Nf6 5. Nxf6+ exf6 6. Bc4 Bd6 7. 0-0 0-0 8. d4 Bg4 9. Re1 Nd7 10. h3 Bh5 11. c3 Qc7 12. Qd3 a5 13. Nh4 b5 14. Bb3 a4 15. Bc2 Bg6 16. Nxg6 hxg6 17. c4 bxc4 18. Qxc4 Nb6 19. Qe2 f5 20. Bd2 Rfb8 21. b3 a3 22. Rac1 Qd7 23. Qd3 Nd5 24. Bd1 Bb4 25. Bf3 Bxd2 26. Qxd2 Re8 27. Rxe8+ Rxe8 28. Qa5 Qd6 29. Bxd5 cxd5 30. Qd2 f4 31. b4 g5 32. b5 Qe6 33. Rc3 Qe1+ 34. Qxe1 Rxe1+ 35. Kh2 Rb1 36. Rxa3 Rxb5 37. Rb3 Ra5 38. a3 f6 39. g4 Kf7 40. Kg2 Ra4 41. Rd3 Ke6 42. Kf3 Kd6 43. Ke2 Rc4 44. Kd2 Kd7 45. Rc3 Ra4 46. Kd3 Kd6 47. Rb3 Kc6 48. Rc3+ Kd6 49. Rb3 Kc6 50. Rc3+ Kd6 51. Rb3 1/2-1/2

[Event "Arco op-A 39th"]
[Site "Arco"]
[Date "2017.10.15"]
[Round "9"]
[White "Trauth, Michael"]
[Black "Luciani, Carlo"]
[Result "1/2-1/2"]
[WhiteElo "2112"]
[BlackElo "2261"]
[PlyCount "90"]
[EventDate "2017.10.07"]
[EventType "swiss"]
[EventRounds "9"]
[EventCountry "ITA"]
[SourceTitle "CBM 181 Extra"]
[Source "ChessBase"]
[SourceDate "2017.12.12"]
[SourceVersion "1"]
[SourceVersionDate "2017.12.12"]
[SourceQuality "1"]

1. Nf3 Nf6 2. g3 g6 3. Bg2 Bg7 4. c4 0-0 5. Nc3 d6 6. 0-0 Nc6 7. Rb1 a5 8. a3 e5 9. d3 h6 10. b4 axb4 11. axb4 Be6 12. b5 Ne7 13. Bb2 Qd7 14. Re1 Rab8 15. Ra1 Nh7 16. Ra7 f5 17. e3 g5 18. Nd2 g4 19. f4 gxf3 20. Nxf3 Rf7 21. Ne2 Ng6 22. Qd2 b6 23. Rc1 Rbf8 24. d4 f4 25. gxf4 exf4 26. e4 Bg4 27. Kh1 Bxf3 28. Bxf3 Ng5 29. Ng1 Nh4 30. Qe2 Nhxf3 31. Nxf3 Qg4 32. Rf1 Re8 33. e5 dxe5 34. dxe5 Rfe7 35. Qg2 Qxg2+ 36. Kxg2 c5 37. Rfa1 Nf7 38. R1a6 Rxa7 39. Rxa7 Re6 40. Rb7 Ng5 41. h4 Nf7 42. Kf2 Bh8 43. Bc3 Bg7 44. Bb2 Bh8 45. Bc3 Bg7 1/2-1/2

[Event "Arco op-A 39th"]
[Site "Arco"]
[Date "2017.10.14"]
[Round "8"]
[White "Luciani, Carlo"]
[Black "Oppici, Gabriele"]
[Result "1-0"]
[WhiteElo "2261"]
[BlackElo "1985"]
[PlyCount "74"]
[EventDate "2017.10.07"]
[EventType "swiss"]
[EventRounds "9"]
[EventCountry "ITA"]
[SourceTitle "CBM 181 Extra"]
[Source "ChessBase"]
[SourceDate "2017.12.12"]
[SourceVersion "1"]
[SourceVersionDate "2017.12.12"]
[SourceQuality "1"]

1. e4 Nc6 2. Nf3 d6 3. d4 Nf6 4. Nc3 Bg4 5. d5 Nb8 6. h3 Bh5 7. Bc4 c6 8. Qe2 b5 9. Bb3 b4 10. Nb1 Qa5 11. c4 e5 12. dxe6 fxe6 13. g4 Bf7 14. e5 dxe5 15. Nxe5 Nbd7 16. Bf4 Nxe5 17. Qxe5 Qxe5+ 18. Bxe5 Nd7 19. Bg3 Bc5 20. Nd2 Bd4 21. 0-0-0 Nc5 22. Bc2 0-0-0 23. Nf3 Bf6 24. Ne5 Be8 25. Rxd8+ Bxd8 26. Nd3 Nxd3+ 27. Bxd3 h5 28. Re1 hxg4 29. hxg4 Bd7 30. Bd6 a5 31. Re5 Kb7 32. Be4 Kb6 33. g5 Rh4 34. f3 Rh2 35. Bd3 Rg2 36. f4 Kb7 37. c5 Kc8 1-0

[Event "Arco op-A 39th"]
[Site "Arco"]
[Date "2017.10.08"]
[Round "2"]
[White "Luciani, Carlo"]
[Black "De Vita, Gianni"]
[Result "1-0"]
[WhiteElo "2261"]
[BlackElo "2058"]
[PlyCount "45"]
[EventDate "2017.10.07"]
[EventType "swiss"]
[EventRounds "9"]
[EventCountry "ITA"]
[SourceTitle "CBM 181 Extra"]
[Source "ChessBase"]
[SourceDate "2017.12.12"]
[SourceVersion "1"]
[SourceVersionDate "2017.12.12"]
[SourceQuality "1"]

1. e4 c5 2. Nf3 d6 3. d4 cxd4 4. Nxd4 Nf6 5. Nc3 a6 6. Be2 e5 7. Nb3 Be6 8. 0-0 Qc7 9. a4 b6 10. f4 Nbd7 11. Be3 Bc4 12. Nd2 Bxe2 13. Qxe2 Nc5 14. Kh1 Qb7 15. fxe5 dxe5 16. Bg5 Be7 17. Bxf6 Bxf6 18. Nd5 Nd7 19. Nc4 0-0 20. Ra3 Bd8 21. Rc3 b5 22. Nd6 Qb8 23. Nf5 1-0